Statistics for Martial Arts Random Knowledge

Click here to take the quiz!

General Stats

  • This quiz has been taken 59 times
  • The average score is 8 of 15

Answer Stats

HintAnswer% Correct
Sword used by samuraiKatana
82%
Karate uniformGi
80%
Martial art that means "The Way of the Hand and Foot"Taekwondo
80%
Place where the above originatedKorea
76%
Martial art that focuses on ground fightingJiu Jitsu
73%
Sport that allows techniques from various forms of martial artsMixed Martial Arts
73%
Japanese armored sword fighting styleKendo
65%
A throwing weapon used to distract an opponentShuriken
49%
Stick based Filipino martial artEskrima
47%
Striking here will cause the diaphragm to contractSolar Plexus
43%
A method of fighting in many martial arts that uses rules to prevent injuriesSparring
41%
Weapon that resembles a police batonTonfa
35%
Code of honor followed by samuraiBushido
27%
Weapon designed to trap and catch swordsSai
27%
Helmet worn by samurai in JapanKabuto
12%

Score Distribution

Percentile by Number Answered

Percent of People with Each Score

Your Score History

You have not taken this quiz